Strategic Management In Developing Countries / (Record no. 615552)

MARC details
000 -LEADER
fixed length control field 01329nam a2200157Ia 4500
008 - FIXED-LENGTH DATA ELEMENTS--GENERAL INFORMATION
fixed length control field 260225s9999 xx 000 0 und d
020 ## - INTERNATIONAL STANDARD BOOK NUMBER
ISBN 9780684863702
082 ## - DEWEY DECIMAL CLASSIFICATION NUMBER
Classification number 338.7409
Item number AUS
100 ## - MAIN ENTRY--AUTHOR NAME
Personal name Austin, James E.
245 #0 - TITLE STATEMENT
Title Strategic Management In Developing Countries /
Statement of responsibility, etc Austin, James E.
260 ## - PUBLICATION, DISTRIBUTION, ETC. (IMPRINT)
Name of publisher Free Press,
Year of publication 1998
520 ## - SUMMARY, ETC.
Summary, etc James E. Austin’s case studies are designed to help managers effectively compete in the Third World business environment. Designed for business school courses and in-house company training programs, this companion to Managing in Developing Countries presents 35 case studies organized around Professor Austin's Environmental Analysis Framework, a powerful, field-tested tool designed to help managers examine, prepare for and compete in the Third World business environment. Through comprehensive and thoroughly tested classroom-tested cases, Austin systematically examines the economic, political, and cultural factors of each country at international, national, industry, and company levels. The cases also reveal the critical strategic issues and operating problems that managers will encounter in developing countries--in governmental relations, finance, marketing, production, and organization.
650 ## - SUBJECT ADDED ENTRY--TOPICAL TERM
Topical Term Business & Economics
942 ## - ADDED ENTRY ELEMENTS (KOHA)
Koha item type English Books
Holdings
Withdrawn status Lost status Damaged status Not for loan Home library Current library Shelving location Date acquired Full call number Accession Number Price effective from Koha item type
        Anna Centenary Library Anna Centenary Library 4TH FLOOR, A WING 25.02.2026 338.7409 AUS 448420 25.02.2026 English Books

Find us on the map